On This Day (November 16th) Multiple Choice - Statistics

General Stats
  • This quiz has been taken 9 times
  • The average score is 7 of 15
Answer Stats
Question Answer % Correct
1990 – Which pop group are stripped of their Grammy Award because they did not sing at all on their album ? Milli Vanilli
86%
1871 – Which civil rights advocacy group receives its charter from New York State ? National Rifle Association
71%
1822 – American Old West: Missouri trader William Becknell arrives in New Mexico, over a route that became known by what name ? Santa Fe Trail
71%
1920 – Qantas, Australia's national airline, is founded under what name ? Queensland And Northern Territory Aerial Services
57%
2010 – Which iconic group release their back catalogue on iTunes ? The Beatles
57%
1979 – The first line of which city's Metro system is opened from Timpuri Noi to Semanatoarea ? Bucharest, Romania
43%
1793 – French Revolution: Ninety dissident Roman Catholic priests are executed by drowning in which French city ? Nantes
43%
1776 – American Revolution: The United Provinces recognize the independence of the US. What modern day country did the United Provinces become ? Netherlands
43%
1272 – While travelling during the 9th Crusade, Prince Edward becomes King upon Henry III of England's death. It takes him how long to return and assume the throne ? Two years
43%
1945 – Which United Nations organisation is founded ? United Nations Educational, Scientific and Cultural Organization (UNESCO)
43%
1938 – LSD is first synthesized by Albert Hofmann from ergotamine at the Sandoz Laboratories in which Swiss city ? Basel
29%
1940 – World War II: In response to the leveling of Coventry by the German Luftwaffe two days before, the Royal Air Force bombs which city ? Hamburg
29%
1907 – Cunard Line's RMS Mauretania, sister ship of RMS Lusitania, sets sail on her maiden voyage from Liverpool, England, to where ? New York, USA
29%
1992 – The Hoxne Hoard (largest find of Roman silver and gold discovered in UK) is discovered by Eric Lawes in the village of Hoxne in which English county ? Suffolk
14%
1916 – Daws Butler, American voice actor and singer is born. He was the voice of which cartoon character ? Yogi Bear
14%
No matching quizzes found
Score Distribution
Percent of People with Each Score
Percentile by Number Answered
Your Score History
You have not taken this quiz